00510nam a2200157Ia 450000500170000000800410001704100080005808200160006610000350008224500130011726000440013030000080017465000200018299900190020295201310022120250729165817.0250729s2000 xx 000 0 und d aeng a530.30 WING aWindow of the Universe9233525 aGalaxies aNew DelhibLearners Press Pvt Ltdc2000 a32p aScience9233526 c240323d240323 00104070aALbALd2025-07-29eManagement Bookg150.00l0o530.30 WINGpBED05642r2025-07-29 16:58:17v150.00w2025-07-29yBK